Parental and sex-role identification : (Record no. 220798)
[ view plain ]
| 000 -LEADER | |
|---|---|
| fixed length control field | 00723cam a2200241 4500 |
| 001 - CONTROL NUMBER | |
| control field | 000564073 |
| 003 - CONTROL NUMBER IDENTIFIER | |
| control field | AM-YeHGA |
| 005 - DATE AND TIME OF LATEST TRANSACTION | |
| control field | 20250617140504.0 |
| 008 - FIXED-LENGTH DATA ELEMENTS--GENERAL INFORMATION | |
| fixed length control field | 690715s1969 caua b 001 0 eng d |
| 020 ## - INTERNATIONAL STANDARD BOOK NUMBER | |
| International Standard Book Number | 0821111078 |
| 040 ## - CATALOGING SOURCE | |
| Original cataloging agency | AM-YeHGA |
| 041 0# - LANGUAGE CODE | |
| Language code of text/sound track or separate title | eng |
| 090 ## - LOCALLY ASSIGNED LC-TYPE CALL NUMBER (OCLC); LOCAL CALL NUMBER (RLIN) | |
| -- | 222329 |
| 100 1# - MAIN ENTRY--PERSONAL NAME | |
| Personal name | Lynn, David Brandon, |
| Dates associated with a name | 1925- |
| 245 10 - TITLE STATEMENT | |
| Title | Parental and sex-role identification : |
| Remainder of title | A theoretical formulation / |
| Statement of responsibility, etc. | [By] David B. Lynn. |
| 260 ## - PUBLICATION, DISTRIBUTION, ETC. | |
| Place of publication, distribution, etc. | Berkeley, Calif., : |
| Name of publisher, distributor, etc. | McCutchan Publ. Corp., |
| Date of publication, distribution, etc. | [1969]. |
| 300 ## - PHYSICAL DESCRIPTION | |
| Extent | vii, 131 p. : |
| Other physical details | ill. ; |
| Dimensions | 23 cm. |
| 504 ## - BIBLIOGRAPHY, ETC. NOTE | |
| Bibliography, etc. note | Bibliogr.: p. 109-123. |
| 650 #0 - SUBJECT ADDED ENTRY--TOPICAL TERM | |
| Topical term or geographic name entry element | Identification (Psychology) |
| 650 #0 - SUBJECT ADDED ENTRY--TOPICAL TERM | |
| Topical term or geographic name entry element | Parent and child |
| 650 #0 - SUBJECT ADDED ENTRY--TOPICAL TERM | |
| Topical term or geographic name entry element | Sex (Psychology) |
| 650 #0 - SUBJECT ADDED ENTRY--TOPICAL TERM | |
| Topical term or geographic name entry element | Child psychology |
| Withdrawn status | Lost status | Source of classification or shelving scheme | Damaged status | Not for loan | Collection | Home library | Current library | Date acquired | Cost, normal purchase price | Total checkouts | Full call number | Barcode | Date last seen | Price effective from | Koha item type | Public note |
|---|---|---|---|---|---|---|---|---|---|---|---|---|---|---|---|---|
| Universal Decimal Classification | Pambookian Individual Collection | Fundamental Scientific Library | Fundamental Scientific Library | 28/12/2016 | 4.00 | Pamb/197 | FL0026826 | 28/12/2016 | 28/12/2016 | Գրքեր / Books | ILL Non-Circ. |
ՀՀ Գիտությունների ազգային ակադեմիայի հիմնարար գիտական գրադարան = Fundamental Scientific Library of NAS RA
All site content, except where otherwise noted, is licensed under a